History Quiz

Random History or Clickable Quiz

Worst. Inventions. EVER. Quiz Stats

 Plays Quiz Updated Sep 15, 2016

Challenge
Share
Tweet
Embed
Score 0/18 Timer 06:00
0 Plays Today
% Correct
Segway
96.6%
Auto-Tune
95.5%
Farmville
94.1%
Pay Toilets
92.2%
Smell-o-vision
92.1%
Vibrating Ab Belt
92.1%
Tamagotchis
91.1%
Electrical Facial Mask
88.8%
Vio
87.4%
% Correct
Hula Chair
81.6%
Snuggie for dogs
81.2%
Crocs
81.2%
Spam e-mail
80.1%
Clippy
73.5%
Parachute Jacket
72.7%
Comfort Wipe
72.3%
Foursquare
71.2%
HeadOn
57.9%

You're not logged in!

Compare scores with friends on all Sporcle quizzes.
Join for Free
OR
Log In

You Might Also Like...

Show Comments

Extras

Top Quizzes Today


Score Distribution

Your Account Isn't Verified!

In order to create a playlist on Sporcle, you need to verify the email address you used during registration. Go to your Sporcle Settings to finish the process.

Report this User

Report this user for behavior that violates our Community Guidelines.

Details: